• 首页
  • 本馆介绍
  • 公告通知
  • 最新文献
  • 馆藏检索
  • 电子资源
  • 读者导购
  • 参考咨询
  • 我的图书馆
  • 登录
  • 详细信息显示
  • 放入我的书架
  • 预约/预借图书
  • 作者相关作品
  • 分类相关作品
  • 丛书相关作品
  • 出版社相关作品

书目信息

  • 表格格式
  • 工作单格式
  • 卡片格式
题名:
南亭笔记
    
 
作者: 李伯元 著
分册:  
出版信息: 上海   上海古籍书店  1983
页数: 1册
开本: 19cm
丛书名: 清代历史资料丛刊
单 册:
中图分类: K249.06
科图分类:
主题词: 中国--历史
电子资源:
ISBN:
000 00667nam2 2200253 45
001 0183002219
005 20040509092642.5
010    @dCNY0.90
100    @a19950526d1983 em y0chiy0121 ea
101 0  @achi
102    @aCN@b310000
105    @ay z 000ay
106    @ar
200 10 @a南亭笔记@Anan ting bi ji@e十六卷@f(清)李伯元著
210    @a上海@c上海古籍书店@d1983
215    @a1册@d19cm
225 2  @a清代历史资料丛刊
410  0 @120010@a清代历史资料丛刊
606 0  @a中国@x历史
690    @aK249.06
701  0 @a李伯元@Ali bo yuan@f清@4著
801  0 @aCN@b上海图书馆@c20040509
801  2 @aCN@bNLC@c20040509
905    @e17:2@f2@b162080-081@dK249.06
    
    南亭笔记:十六卷/(清)李伯元著.-上海:上海古籍书店,1983
    1册;19cm.-(清代历史资料丛刊)
    
    
    ISBN :CNY0.90
    
●
相关链接 在E读中查询图书 在五车中查询图书 在当当中查询图书 在豆瓣中查询图书


正题名:南亭笔记     索取号:K249.06/17:2         预约/预借

序号 登录号 条形码 馆藏地/架位号 状态 备注
1 0162080   000581383   第二借阅区/ [索取号:K249.06/17:2] 在馆    
2 0162081   000581409   第二借阅区/ [索取号:K249.06/17:2] 在馆    
3 0162082   000581436   第二样本阅览室/ [索取号:K249.06/17:2] 在馆    
唐山师范学院图书馆 欢迎您!
大连网信软件有限公司© 版权所有